| 000 | 01295cam a2200289 a 4500 | ||
|---|---|---|---|
| 001 | 000010025 | ||
| 005 | 20200929161816.0 | ||
| 008 | 830104s1981 ve a b 101 0 spa | ||
| 035 | _a(DLC) 82153255 | ||
| 040 |
_aDO-SdBNP _bspa _cBNPHU _dDLC |
||
| 050 | 0 | 0 |
_aPQ8549.B3 _bZ6133 1981 |
| 082 |
_a861 _b19 _bB446c |
||
| 245 | 0 | 0 |
_aBello y Chile : _bTercer Congreso del Bicentenario. |
| 260 |
_aCaracas : _bFundación la Casa de Bello, _c1981. |
||
| 300 |
_a2 v. : _bil. ; _c23 cm. |
||
| 500 | _a"Tercer Congreso del Bicentenario, La Casa de Bello, 20 al 28 de noviembre de 1980"--V. 1, p. vii. | ||
| 500 | _aCongress organized by the Fundacion La Casa de Bello and the Comision Nacional para la Celebracion del Bicentenario de Don Andres Bello. | ||
| 504 | _aIncluye referencias bibliográficas e índice. | ||
| 600 | 1 | 0 |
_aBello, Andrés, _d1781-1865 _xCongresses. _924970 |
| 650 | 0 |
_aAuthors, venezuelan _y19th century _xBiography _xCongresses. _924971 |
|
| 650 | 0 |
_aScholars _zVenezuela _xBiography _xCongresses. _924972 |
|
| 650 | 0 |
_aStatesmen _zVenezuela _xBiography _xCongresses. _924973 |
|
| 710 | 2 |
_aFundación La Casa de Bello. _96770 |
|
| 710 | 2 |
_aComisión Nacional para la Celebración del Bicentenario de Don Andrés Bello. _96771 |
|
| 910 | _aCatalogación por copia / LC | ||
| 049 | _aBNGR | ||
| 999 |
_c9784 _d9784 |
||